|
|
|
|
| LEADER |
00000nam a2200000 a 4500 |
| 001 |
ELB164449 |
| 003 |
FINmELB |
| 005 |
20221123121057.0 |
| 006 |
m o d | |
| 007 |
cr cn||||||||| |
| 008 |
050306s2006 enka sb 001 0 eng |
| 010 |
|
|
|z 2005006371
|
| 015 |
|
|
|a GBA601182
|2 bnb
|
| 016 |
7 |
|
|z 013348268
|2 Uk
|
| 020 |
|
|
|a 9780198038016
|q (e-book)
|
| 020 |
|
|
|z 9780195169966
|q (paper)
|
| 035 |
|
|
|a (OCoLC) 704540847
|
| 040 |
|
|
|a FINmELB
|c FINmELB
|d FINmELB
|
| 050 |
|
4 |
|a PR4662
|b .M483 2006
|
| 082 |
0 |
4 |
|a 823/.8
|2 22
|
| 245 |
0 |
0 |
|a Middlemarch in the twenty-first century
|h [electronic resource] /
|c edited by Karen Chase.
|
| 246 |
1 |
4 |
|a Middlemarch in the 21st century
|
| 260 |
|
|
|a Oxford ;
|a New York :
|b Oxford University Press,
|c 2006.
|
| 300 |
|
|
|a xi, 208 p. :
|b ill.
|
| 504 |
|
|
|a Includes bibliographical references (p. 201-204) and index.
|
| 505 |
0 |
|
|a What's not in Middlemarch / Gillian Beer -- Space, movement, and sexual feeling in Middlemarch / David Trotter -- The materiality of Middlemarch / Kate Flint -- Dorothea's lost dog / Nina Auerbach -- Negotiating Middlemarch / Elizabeth Deeds Ermarth -- A conclusion in which almost nothing is concluded : Middlemarch's "finale" / J. Hillis Miller -- Losing for profit / Daniel Siegel -- Narrative vision in Middlemarch : the novel compared with the BBC Television adaptation / Jakob Lothe.
|
| 588 |
|
|
|a Description based on metadata supplied by the publisher and other sources.
|
| 590 |
|
|
|a Electronic reproduction. Santa Fe, Arg.: elibro, 2022. Available via World Wide Web. Access may be limited to eLibro affiliated libraries.
|
| 600 |
1 |
0 |
|a Eliot, George,
|d 1819-1880.
|t Middlemarch.
|
| 655 |
|
4 |
|a Electronic books.
|
| 700 |
1 |
|
|a Chase, Karen,
|d 1952-
|
| 797 |
2 |
|
|a elibro, Corp.
|
| 856 |
4 |
0 |
|u https://elibro.uam.elogim.com/ereader/bidiuam/164449
|z Texto completo
|